| 000 | 01473cam a2200409 a 4500 | ||
|---|---|---|---|
| 001 | 2677 | ||
| 005 | 20240109144828.0 | ||
| 020 | _a9780545429900 (hc) | ||
| 020 | _a9780545429917 | ||
| 020 | _a0545429900 (pb) | ||
| 040 |
_aNJQ/DLC _cNJQ |
||
| 050 | 0 | 0 |
_aPZ7.R5996 _bGol 2012 |
| 082 | 0 | 0 |
_a823.914 _223 |
| 100 | 1 | _aRodda, Emily | |
| 245 | 1 | 4 |
_aThe golden door / _cEmily Rodda |
| 250 | _aFirst paperback printing, January 2013 | ||
| 260 |
_aNew York : _bScholastic Press, _c2012 |
||
| 300 |
_a264 pages : _c20 cm |
||
| 490 | 0 |
_aThe Three Doors Trilogy ; _vBook 1 |
|
| 500 | _aOriginally published: Parkside, S. Aust. : Omnibus Books, c2011. | ||
| 505 | _aP | ||
| 520 | _aAt night the skimmers fly over the Wall looking for human prey and the people of Weld huddle in their houses, but after his two brothers set out through the magic doors in an attempt to find the Enemy and don't come back, young Rye knows that he must follow and find them. | ||
| 521 |
_a820 _bLexile |
||
| 521 |
_aP _bRaz-Plus |
||
| 650 | 0 |
_aBrothers _vJuvenile fiction. |
|
| 650 | 0 |
_aMonsters _vJuvenile fiction. |
|
| 650 | 0 |
_aMagic _vJuvenile fiction. |
|
| 650 | 0 | _aAdventure stories. | |
| 650 | 1 |
_aBrothers _vFiction. |
|
| 650 | 1 |
_aMonsters _vFiction. |
|
| 650 | 1 |
_aMagic _vFiction. |
|
| 650 | 1 |
_aAdventure and adventurers _vFiction. |
|
| 650 | 1 | _aFantasy. | |
| 655 | 7 |
_aAdventure fiction. _2gsafd |
|
| 906 |
_a7 _bcbc _corignew _d1 _eecip _f20 _gy-gencatlg |
||
| 942 |
_2ddc _cBK _n0 |
||
| 999 |
_c2677 _d2677 |
||